Law Firm Recruitment in Canada Job Search Advice for Law Students and Associates /

Detalles Bibliográficos
Autor principal: Griesdorf, Wendy
Formato: eBook
Lenguaje:inglés
Publicado: Toronto: Irwin Law Inc., 2012
Materias:
Acceso en línea:Acceso restringido

MARC

LEADER 00000nam a22000007a 4500
005 20210819214956.0
007 cr|||| ||||
008 210819s2012 ca |||||s|||| 00||0 eng d
020 |a 978-1-55221-228-8 
035 |a 34862 
040 |a vLex 
090 |c 12073  |d 12073 
100 1 |a Griesdorf, Wendy 
245 1 0 |a Law Firm Recruitment in Canada  |h [Recurso electrn̤ico] :  |b Job Search Advice for Law Students and Associates /  |c Wendy Griesdorf 
256 |a Servicio en ln̕ea 
260 |a Toronto:  |b Irwin Law Inc.,  |c 2012 
300 |a 1 recurso electrn̤ico 
506 1 |a Disponible solo en los productos indicados  |d vLex Global  |d vLex Global (Academic Edition, excluding Law Schools)  |d vLex Global (U.S. Academic Edition, Law Schools)  |d vLex Global (U.S. Academic Edition, excluding Law Schools)  |d vLex Global (Academic Edition, Law Schools) 
650 0 4 |a Derecho Laboral y Seguridad Social  |z Canad̀ 
740 0 |a vLex Libros (Servicio en ln̕ea) 
856 4 0 |u https://app.vlex.com/#/sources/34862  |z Acceso restringido 
942 |c BOOK 
999 0 |a Labor law and social security